00541cam a22002171 4500001001300000003000400013005001700017008004100034010001700075035002000092040001800112042001200130050002000142100001200162245004900174260001100223300001800234500001500252600003900267999001700306sa 68002510 DLC20260227112444.0890912s1965 np 000 0 nepo  asa 68002510  a(OCoLC)20330342 aDLCcWaUdDLC apremarc00aPK2598.D37bZ590 aBandhu.10aMahākavi Lakshmī Prasāda Devakoṭā. c[1965] a60 p.c18 cm. aIn Nepali.10aDevkota, Laxmi Prasad,d1908-1959. c78780d78780